Normal view
MARC view
- Otero, Rodolfo,
Entry Nombre Personal
001 - NUMERO DE CONTROL
- campo de control: 31998
003 - IDENTIFICADOR DE NUMERO DE CONTROL
- campo de control: UPN
005 - FECHA Y HORA DE LA ÜLTIMA TRANSACCIÓN
- campo de control: 20210219194428.0
008 - DATOS DE LONGITUD FIJA
- campo de control de longitud fija: nabaccnnaabn|||||||||| b |nc|||||d
035 ## - NUMERO DE CONTROL
- Número de control: UPN11000004104
040 ## - FUENTE DE CATALOGACIÓN
- Lenguaje de catalogación: SPA
- Agencia de transcripción: UPN
053 #4 - NÚMERO DE CLASIFICACIÓN LC
- Número de clasificación elemento-número único o número inicial de tramo: PQ7798.425 T3.7
100 1# - ENCABEZAMIENTO - NOMBRE PERSONAL
- Nombre personal: Otero, Rodolfo,
- Fechas asociadas con el nombre: 1949-
670 ## - FUENTE EN LA QUE SE LOCALIZARON DATOS
- Cita de la fuente: T
- Uniform Resource Identifier: http://www.bienvenidosalafiesta.com/index.php?mod=Indices&acc=VerFicha&autId=0000000BT4
680 ## - NOTA PUBLICA DE ACCESO PÚBLICO
- Frase explicativa de la referencia: Escritor argentino
902 ## - CATALOGADOR
- Catalogador: CAA/160412
